[Event "BCF-chT 2324 (4NCL)"]
[Site "England"]
[Date "2024.01.13"]
[Round "3.2"]
[White "Rowson, Jonathan"]
[Black "MacFarlane, Donald"]
[Result "1/2-1/2"]
[WhiteElo "2537"]
[BlackElo "2195"]
[PlyCount "51"]
[EventDate "2023.11.11"]
[EventType "team-tourn"]
[EventRounds "11"]
[EventCountry "ENG"]
[SourceTitle "CB11_2024"]
[SourceDate "2024.03.13"]
[SourceVersion "1"]
[SourceVersionDate "2024.03.13"]
[SourceQuality "1"]
[WhiteTeam "Chessable White Rose"]
[BlackTeam "Oxford"]
[WhiteTeamCountry "ENG"]
[BlackTeamCountry "ENG"]

1. d4 Nf6 2. c4 e6 3. Nc3 Bb4 4. Qc2 0-0 5. a3 Bxc3+ 6. Qxc3 d6 7. Bg5 Nbd7 8. e3 e5 9. Nf3 h6 10. Bh4 g5 11. Bg3 Ne4 12. Qc2 Nxg3 13. hxg3 Kg7 14. 0-0-0 Qe7 15. Bd3 Nf6 16. dxe5 dxe5 17. Bf5 Re8 18. Bxc8 Raxc8 19. Rd2 Rcd8 20. Rhd1 Rxd2 21. Rxd2 Qe6 22. b3 a5 23. Kb2 Re7 24. Rd8 b6 25. Nd2 Rd7 26. Rxd7 1/2-1/2

[Event "BCF-chT 2223 (4NCL)"]
[Site "England"]
[Date "2023.03.19"]
[Round "8.2"]
[White "Roberson, Peter T"]
[Black "Rowson, Jonathan"]
[Result "1/2-1/2"]
[WhiteElo "2422"]
[BlackElo "2546"]
[PlyCount "94"]
[EventDate "2022.10.22"]
[EventType "team-swiss"]
[EventRounds "11"]
[EventCountry "ENG"]
[SourceTitle "CBM 213 Extra"]
[Source "ChessBase"]
[SourceDate "2023.05.31"]
[SourceVersion "1"]
[SourceVersionDate "2023.05.31"]
[SourceQuality "1"]
[WhiteTeam "The Sharks"]
[BlackTeam "Chessable White Rose"]
[WhiteTeamCountry "ENG"]
[BlackTeamCountry "ENG"]

1. e4 e5 2. Nf3 Nc6 3. Bb5 a6 4. Ba4 Nf6 5. 0-0 Be7 6. d3 d6 7. c3 0-0 8. Re1 b5 9. Bc2 d5 10. Nbd2 dxe4 11. dxe4 Be6 12. a4 b4 13. a5 bxc3 14. bxc3 Bd6 15. Qe2 Qe7 16. Nc4 Rfb8 17. h3 h6 18. Nh4 Bc5 19. Nf5 Qf8 20. Nce3 Kh8 21. Qf3 Ng8 22. Nd5 Ra7 23. Qg3 f6 24. Be3 Bxe3 25. Qxe3 Rab7 26. Reb1 Rxb1+ 27. Rxb1 Rxb1+ 28. Bxb1 Qb8 29. Bd3 Nxa5 30. Qc5 Nb3 31. Qxc7 Qxc7 32. Nxc7 Bxf5 33. exf5 a5 34. Nd5 h5 35. Bc4 a4 36. f3 h4 37. Kf2 Kh7 38. Ke3 Nc5 39. f4 a3 40. Ba2 g6 41. fxe5 fxe5 42. f6 Nh6 43. Nc7 g5 44. f7 Kg7 45. Nb5 Nxf7 46. Bxf7 Kxf7 47. Nxa3 Ke6 1/2-1/2

[Event "BCF-chT 2223 (4NCL)"]
[Site "England"]
[Date "2022.10.22"]
[Round "1.4"]
[White "Wall, Tim"]
[Black "Rowson, Jonathan"]
[Result "0-1"]
[WhiteElo "2290"]
[BlackElo "2546"]
[PlyCount "93"]
[EventDate "2022.10.22"]
[EventType "team-swiss"]
[EventRounds "11"]
[EventCountry "ENG"]
[SourceTitle "CBM 210 Extra"]
[Source "ChessBase"]
[SourceDate "2022.11.30"]
[SourceVersion "1"]
[SourceVersionDate "2022.11.30"]
[SourceQuality "1"]
[WhiteTeam "Chessable White Rose II"]
[BlackTeam "Chessable White Rose"]
[WhiteTeamCountry "ENG"]
[BlackTeamCountry "ENG"]

1. d4 Nf6 2. Nc3 d5 3. Bf4 g6 4. e3 Bg7 5. Nb5 Na6 6. h3 0-0 7. Nf3 c6 8. Nc3 Nc7 9. Be2 Ne6 10. Be5 b6 11. 0-0 Re8 12. a4 a5 13. Bd3 Bh6 14. Re1 Bb7 15. Qe2 Nd7 16. Bh2 Qc8 17. h4 Nf6 18. Ne5 c5 19. Bb5 Rd8 20. Rad1 Bf8 21. Qf3 Ng7 22. g4 Qe6 23. Bf1 Ne4 24. Nb5 Rac8 25. c3 f6 26. Nd3 c4 27. Nf4 Qf7 28. Ne2 e6 29. Bh3 Bc6 30. Ng3 f5 31. h5 Ng5 32. Qg2 Nxh3+ 33. Qxh3 fxg4 34. Qxg4 gxh5 35. Qh3 Bd7 36. Qg2 h6 37. e4 Kh7 38. exd5 exd5 39. Re5 Bxb5 40. axb5 Bd6 41. Re3 Rg8 42. Qf3 Qg6 43. Kh1 Rcf8 44. Qxd5 Rxf2 45. Rg1 Rxh2+ 46. Kxh2 h4 47. Kg2 0-1

[Event "London Mindsports GM"]
[Site "London"]
[Date "2022.09.13"]
[Round "7"]
[White "Rowson, Jonathan"]
[Black "Czopor, Maciej"]
[Result "1/2-1/2"]
[WhiteElo "2561"]
[BlackElo "2415"]
[PlyCount "42"]
[EventDate "2022.09.09"]
[EventType "tourn"]
[EventRounds "9"]
[EventCountry "ENG"]
[EventCategory "7"]
[SourceTitle "CBM 210 Extra"]
[Source "ChessBase"]
[SourceDate "2022.11.30"]
[SourceVersion "1"]
[SourceVersionDate "2022.11.30"]
[SourceQuality "1"]

1. d4 Nf6 2. c4 e6 3. Nc3 d5 4. cxd5 exd5 5. Bg5 c6 6. Qc2 Bd6 7. e3 0-0 8. Bd3 h6 9. Bh4 Re8 10. Nge2 a5 11. h3 Na6 12. a3 Nc7 13. g4 Ne6 14. a4 Bd7 15. Kf1 Rc8 16. Rd1 c5 17. Kg2 g5 18. Bg3 Bxg3 19. Kxg3 cxd4 20. exd4 Kg7 21. Kg2 Qb6 1/2-1/2

[Event "London Mindsports GM"]
[Site "London"]
[Date "2022.09.13"]
[Round "8"]
[White "Rowson, Jonathan"]
[Black "Willow, Jonah B"]
[Result "1/2-1/2"]
[WhiteElo "2561"]
[BlackElo "2385"]
[PlyCount "101"]
[EventDate "2022.09.09"]
[EventType "tourn"]
[EventRounds "9"]
[EventCountry "ENG"]
[EventCategory "7"]
[SourceTitle "CBM 210 Extra"]
[Source "ChessBase"]
[SourceDate "2022.11.30"]
[SourceVersion "1"]
[SourceVersionDate "2022.11.30"]
[SourceQuality "1"]

1. d4 Nf6 2. c4 e6 3. Nc3 Bb4 4. Bd2 c5 5. d5 0-0 6. f3 d6 7. e4 exd5 8. cxd5 Nh5 9. g4 Qh4+ 10. Ke2 Ng3+ 11. hxg3 Qxh1 12. Kf2 c4 13. Be3 h5 14. Bg2 Qh2 15. Nb5 Nd7 16. Ne2 hxg4 17. f4 Nc5 18. Kf1 Nd3 19. Qc2 Bc5 20. Bxc5 Nxc5 21. Nxd6 b6 22. b4 cxb3 23. axb3 Ba6 24. Rxa6 Nxa6 25. e5 Rad8 26. Nf5 Rfe8 27. d6 Qh5 28. Ned4 Nc5 29. b4 Ne6 30. Nc6 g6 31. Nfe7+ Kg7 32. Nd5 Qh2 33. Qf2 Rh8 34. b5 Rh3 35. f5 gxf5 36. Nxd8 Nxd8 37. Qxf5 Rh6 38. Nf4 Qxg3 39. Qg5+ Rg6 40. Nxg6 Qd3+ 41. Kg1 Qd4+ 42. Kh1 fxg6 43. Qf6+ Kh7 44. Qe7+ Kh6 45. Qh4+ Kg7 46. Qf6+ Kh7 47. Kh2 Qe3 48. Qe7+ Kh6 49. Qh4+ Kg7 50. Qf6+ Kh7 51. Qe7+ 1/2-1/2

[Event "London Mindsports GM"]
[Site "London"]
[Date "2022.09.09"]
[Round "1"]
[White "Rowson, Jonathan"]
[Black "Cherniaev, Alexander"]
[Result "1-0"]
[WhiteElo "2561"]
[BlackElo "2395"]
[PlyCount "73"]
[EventDate "2022.09.09"]
[EventType "tourn"]
[EventRounds "9"]
[EventCountry "ENG"]
[EventCategory "7"]
[SourceTitle "CBM 210 Extra"]
[Source "ChessBase"]
[SourceDate "2022.11.30"]
[SourceVersion "1"]
[SourceVersionDate "2022.11.30"]
[SourceQuality "1"]

1. d4 b6 2. e4 Bb7 3. Bd3 Nf6 4. Qe2 Nc6 5. c3 e5 6. Nf3 d6 7. 0-0 Be7 8. d5 Nb8 9. c4 0-0 10. Nc3 a5 11. a3 Na6 12. Rb1 Nc5 13. Bc2 a4 14. Be3 Nfd7 15. Qd1 Ba6 16. Nd2 Bg5 17. Nxa4 Bxe3 18. fxe3 Qh4 19. Nc3 Nf6 20. Qe1 Qh6 21. Rf3 Bc8 22. Nb5 Bg4 23. Rg3 Rfc8 24. b4 Na4 25. Nf1 Bd7 26. Rf3 Ne8 27. Bb3 g6 28. Ra1 Ra6 29. Qd1 Rca8 30. Qc2 Qg5 31. Re1 h5 32. Nd2 Kg7 33. Ref1 f6 34. Re1 c6 35. dxc6 Bxc6 36. Rg3 Qh6 37. Nf3 1-0

[Event "London Chess Classic: Blitz C"]
[Site "London"]
[Date "2019.12.08"]
[Round "1"]
[White "Rowson, Jonathan"]
[Black "Ignatovic, Ernest"]
[Result "1-0"]
[WhiteElo "2561"]
[BlackElo "1700"]
[PlyCount "72"]
[EventDate "2019.12.08"]
[EventType "swiss (blitz)"]
[EventRounds "11"]
[EventCountry "ENG"]
[SourceTitle "EXT 2021"]
[Source "ChessBase"]
[SourceDate "2020.10.23"]
[SourceVersion "1"]
[SourceVersionDate "2020.10.23"]
[SourceQuality "1"]

1. d4 Nf6 2. c4 d6 3. Nc3 e5 4. dxe5 dxe5 5. Qxd8+ Kxd8 6. Nf3 Nfd7 7. g4 h6 8. b3 c6 9. Bb2 Kc7 10. 0-0-0 a5 11. Rg1 f6 12. Nh4 Nc5 13. Ng6 Rg8 14. Nxf8 Rxf8 15. Ba3 Nba6 16. Ne4 Nxe4 17. Bxf8 Nxf2 18. Re1 Bxg4 19. Bxg7 Nb4 20. Bxf6 Bf5 21. Bxe5+ Kd7 22. Rg7+ Ke6 23. Bg3 Ne4 24. a3 Nxg3 25. hxg3 Na6 26. e4 Kf6 27. Rxb7 Bg4 28. e5+ Ke6 29. Be2 Bf5 30. b4 Rg8 31. g4 Be4 32. c5 axb4 33. axb4 Nb8 34. Bc4+ Bd5 35. Bxd5+ cxd5 36. b5 Rxg4 1-0

[Event "London Chess Classic: Blitz C"]
[Site "London"]
[Date "2019.12.08"]
[Round "10"]
[White "Tanmay, Chopra"]
[Black "Rowson, Jonathan"]
[Result "1/2-1/2"]
[WhiteElo "1860"]
[BlackElo "2561"]
[PlyCount "57"]
[EventDate "2019.12.08"]
[EventType "swiss (blitz)"]
[EventRounds "11"]
[EventCountry "ENG"]
[SourceTitle "EXT 2021"]
[Source "ChessBase"]
[SourceDate "2020.10.23"]
[SourceVersion "1"]
[SourceVersionDate "2020.10.23"]
[SourceQuality "1"]

1. d4 d5 2. c4 c6 3. Nf3 Nf6 4. Qc2 dxc4 5. Qxc4 Bf5 6. Nc3 e6 7. Qb3 Qb6 8. Qxb6 axb6 9. Nh4 Nbd7 10. Nxf5 exf5 11. e3 b5 12. Bd3 g6 13. Bd2 Nb6 14. f3 Rd8 15. a3 Bh6 16. h3 0-0 17. g3 Rfe8 18. Kf2 Nc4 19. Bxc4 bxc4 20. Rad1 b5 21. g4 fxg4 22. hxg4 Bg7 23. g5 Nd5 24. Ne4 f5 25. gxf6 Nxf6 26. Nxf6+ Bxf6 27. Bc3 Rd7 28. e4 Red8 29. Ke3 1/2-1/2

[Event "GBR-ch KO"]
[Site "London"]
[Date "2016.12.08"]
[Round "1.1"]
[White "Jones, Gawain C B"]
[Black "Rowson, Jonathan"]
[Result "1-0"]
[WhiteElo "2667"]
[BlackElo "2565"]
[PlyCount "87"]
[EventDate "2016.12.08"]
[EventType "k.o."]
[EventRounds "4"]
[EventCountry "ENG"]
[SourceTitle "CBM 176"]
[Source "ChessBase"]
[SourceDate "2017.01.17"]
[SourceVersion "1"]
[SourceVersionDate "2017.01.17"]
[SourceQuality "1"]

1. e4 c5 2. Nf3 Nc6 3. c3 Nf6 4. e5 Nd5 5. Bc4 Nb6 6. Bb3 c4 7. Bc2 Qc7 8. 0-0 Nxe5 9. Nxe5 Qxe5 10. Re1 Qc7 11. a4 d5 12. Na3 a6 13. a5 Nd7 14. d3 e6 15. dxc4 dxc4 16. Qd4 Qxa5 17. Be3 Qc7 18. Nb5 Qc6 19. Ra5 Nf6 20. Qe5 axb5 21. Rxa8 Be7 22. Ra5 Bd7 23. Qb8+ Bc8 24. Qe5 Bd7 25. Ra8+ Bc8 26. Bd1 0-0 27. Bf3 Nd5 28. Bd4 Bf6 29. Bxd5 exd5 30. Qf4 Bxd4 31. Qxd4 Be6 32. Rea1 f6 33. Rxf8+ Kxf8 34. Qh4 Bf5 35. Qf4 Be6 36. h4 h5 37. Ra8+ Kf7 38. Rh8 Qb6 39. Qf3 g6 40. Qf4 Bf5 41. Qb8 Ke6 42. Qe8+ Kd6 43. Rf8 Kc5 44. Qe3+ 1-0

[Event "London Classic rapid op 7th"]
[Site "London"]
[Date "2015.12.13"]
[Round "6"]
[White "Cordes, Hans Joerg"]
[Black "Rowson, Jonathan"]
[Result "0-1"]
[WhiteElo "2248"]
[BlackElo "2569"]
[PlyCount "102"]
[EventDate "2015.12.12"]
[EventType "swiss (rapid)"]
[EventRounds "10"]
[EventCountry "ENG"]
[SourceTitle "CBM 169 Extra"]
[Source "ChessBase"]
[SourceDate "2015.12.18"]
[SourceVersion "1"]
[SourceVersionDate "2015.12.18"]
[SourceQuality "1"]

1. d4 d5 2. c4 c6 3. Nf3 Nf6 4. Nc3 a6 5. e3 b5 6. b3 Bg4 7. h3 Bh5 8. g4 Bg6 9. Ne5 e6 10. h4 Bb4 11. Bd2 Bxc3 12. Bxc3 Ne4 13. Bb4 a5 14. h5 Bxh5 15. Rxh5 axb4 16. cxb5 Qf6 17. Qc2 g6 18. Rh2 c5 19. f3 Nc3 20. a4 Ra5 21. Qd2 0-0 22. Rc1 Ra8 23. Rxc3 bxc3 24. Qxc3 cxd4 25. Qxd4 Rc8 26. Bd3 Qe7 27. g5 Qxg5 28. Kf2 Rc1 29. Rg2 Qh6 30. Bf1 f6 31. Nd3 Rc2+ 32. Be2 Nd7 33. Kg1 Rd2 34. f4 Rc8 35. Rh2 Qf8 36. Bg4 Rc1+ 37. Nxc1 Rxd4 38. Bxe6+ Kg7 39. exd4 Qd6 40. f5 Nf8 41. Re2 Qg3+ 42. Rg2 Qe1+ 43. Kh2 Qh4+ 44. Kg1 Qe1+ 45. Kh2 Qxc1 46. Bxd5 Qf4+ 47. Kh1 Qxd4 48. Bc4 Nd7 49. fxg6 hxg6 50. a5 Qa1+ 51. Kh2 Qxa5 0-1

[Event "London Classic rapid op 7th"]
[Site "London"]
[Date "2015.12.12"]
[Round "4"]
[White "Arakhamia Grant, Ketevan"]
[Black "Rowson, Jonathan"]
[Result "1-0"]
[WhiteElo "2353"]
[BlackElo "2569"]
[PlyCount "79"]
[EventDate "2015.12.12"]
[EventType "swiss (rapid)"]
[EventRounds "10"]
[EventCountry "ENG"]
[SourceTitle "CBM 169 Extra"]
[Source "ChessBase"]
[SourceDate "2015.12.18"]
[SourceVersion "1"]
[SourceVersionDate "2015.12.18"]
[SourceQuality "1"]

1. e4 c6 2. d4 d5 3. Nc3 dxe4 4. Nxe4 Bf5 5. Ng3 Bg6 6. h4 h6 7. Nf3 Nd7 8. h5 Bh7 9. Bd3 Bxd3 10. Qxd3 e6 11. Bf4 Qa5+ 12. Bd2 Bb4 13. c3 Be7 14. c4 Qc7 15. 0-0-0 Ngf6 16. Rhe1 0-0 17. Ne5 Rad8 18. Qe2 b5 19. Kb1 bxc4 20. Ng6 Rfe8 21. Nxe7+ Rxe7 22. Qxc4 Nb6 23. Qe2 Red7 24. Be3 Nbd5 25. Bc1 c5 26. dxc5 Qxc5 27. f3 Qc7 28. Ne4 Nxh5 29. g4 Nhf4 30. Qh2 Ng6 31. Qh5 Nb4 32. Rxd7 Qxd7 33. Nc5 Qc6 34. a3 Nc2 35. Kxc2 Rd5 36. Qh2 Rxc5+ 37. Kb1 Qxf3 38. Qb8+ Kh7 39. Qxa7 Qf2 40. Ka2 1-0

[Event "London Classic rapid op 7th"]
[Site "London"]
[Date "2015.12.12"]
[Round "3"]
[White "Rowson, Jonathan"]
[Black "Malhotra, Tarun"]
[Result "1-0"]
[WhiteElo "2569"]
[BlackElo "2052"]
[PlyCount "99"]
[EventDate "2015.12.12"]
[EventType "swiss (rapid)"]
[EventRounds "10"]
[EventCountry "ENG"]
[SourceTitle "CBM 169 Extra"]
[Source "ChessBase"]
[SourceDate "2015.12.18"]
[SourceVersion "1"]
[SourceVersionDate "2015.12.18"]
[SourceQuality "1"]

1. d4 d5 2. Bf4 Nf6 3. e3 g6 4. c4 c6 5. Nc3 Bg7 6. Nf3 0-0 7. h3 Nbd7 8. Rc1 Nb6 9. c5 Nbd7 10. Bh2 Re8 11. Bd3 Nf8 12. Qc2 N6d7 13. 0-0 e5 14. Nxe5 Nxe5 15. Bxe5 Bxe5 16. dxe5 Rxe5 17. e4 dxe4 18. Nxe4 Bf5 19. Nd6 Bxd3 20. Qxd3 Ne6 21. b4 Nf4 22. Qf3 Ne2+ 23. Kh1 Qe7 24. Rcd1 a5 25. a3 axb4 26. axb4 Kg7 27. Rd2 Rd8 28. Rfd1 Kg8 29. Nf5 Rxf5 30. Rxd8+ Kg7 31. Qe3 Re5 32. Qd2 Qh4 33. Qd6 Re7 34. Ra1 Kh6 35. Qd2+ Kg7 36. Qb2+ Kh6 37. Rf1 f6 38. Qd2+ Nf4 39. Rd4 g5 40. Re1 Rg7 41. Re3 Qh5 42. Rd7 Qg6 43. Rxg7 Qxg7 44. Qd6 Nd5 45. Re6 Qg6 46. b5 Qf5 47. bxc6 bxc6 48. Qxc6 Kg6 49. Qe8+ Kh6 50. Qf8+ 1-0

[Event "BCF-chT1c 1314 (4NCL) Promotion pool"]
[Site "England"]
[Date "2014.05.04"]
[Round "10.126"]
[White "Rowson, Jonathan"]
[Black "Eggleston, David"]
[Result "1-0"]
[WhiteElo "2573"]
[BlackElo "2399"]
[PlyCount "85"]
[EventDate "2013.11.16"]
[EventType "team-tourn"]
[EventRounds "4"]
[EventCountry "ENG"]
[SourceTitle "EXT 2015"]
[Source "ChessBase"]
[SourceDate "2014.11.20"]
[SourceVersion "1"]
[SourceVersionDate "2014.11.20"]
[SourceQuality "1"]
[WhiteTeam "Wood Green Hilsmark"]
[BlackTeam "Cheddleton"]
[WhiteTeamCountry "ENG"]
[BlackTeamCountry "ENG"]

1. e4 c5 2. c3 Qa5 3. f4 Nf6 4. d3 d5 5. e5 Nfd7 6. Nf3 e6 7. Be2 Nc6 8. 0-0 b5 9. Be3 Be7 10. Nbd2 0-0 11. d4 b4 12. c4 cxd4 13. Nxd4 Nxd4 14. Bxd4 Bb7 15. Bf3 Nb6 16. Nb3 Qa4 17. f5 f6 18. Bxb6 axb6 19. cxd5 fxe5 20. fxe6 Rad8 21. Be4 g6 22. Rxf8+ Rxf8 23. Qc2 Rc8 24. Qf2 Rf8 25. Qxb6 Qa8 26. Qa5 Ba6 27. Qc7 Bd8 28. Qxe5 Qa7+ 29. Kh1 Bf6 30. Qg3 Bxb2 31. Rb1 Bc4 32. h4 Bg7 33. Rc1 Bc3 34. h5 Qg7 35. hxg6 Kh8 36. Qh4 h6 37. e7 Re8 38. d6 Bb5 39. Nc5 Bd2 40. Rd1 Bg5 41. Qf2 Bxe7 42. dxe7 Qxe7 43. Qd4+ 1-0

[Event "BCF-chT1c 1314 (4NCL) Promotion pool"]
[Site "England"]
[Date "2014.05.03"]
[Round "9.136"]
[White "MacQueen, Calum"]
[Black "Rowson, Jonathan"]
[Result "1/2-1/2"]
[WhiteElo "2246"]
[BlackElo "2573"]
[PlyCount "91"]
[EventDate "2013.11.16"]
[EventType "team-tourn"]
[EventRounds "4"]
[EventCountry "ENG"]
[SourceTitle "EXT 2015"]
[Source "ChessBase"]
[SourceDate "2014.11.20"]
[SourceVersion "1"]
[SourceVersionDate "2014.11.20"]
[SourceQuality "1"]
[WhiteTeam "Grantham Sharks"]
[BlackTeam "Wood Green Hilsmark"]
[WhiteTeamCountry "ENG"]
[BlackTeamCountry "ENG"]

1. d4 Nf6 2. c4 e6 3. Nf3 b6 4. g3 Ba6 5. b3 Bb7 6. Bg2 Bb4+ 7. Bd2 a5 8. 0-0 0-0 9. Qc2 d6 10. Nc3 Nbd7 11. a3 Bxc3 12. Bxc3 Be4 13. Qb2 a4 14. Bh3 axb3 15. Nd2 Bc6 16. Nxb3 Ra4 17. Nd2 Re8 18. Rfe1 Qa8 19. e4 Bxe4 20. Nxe4 Nxe4 21. Rxe4 Qxe4 22. Qb5 Qc2 23. Qxd7 Raa8 24. Bb4 Qxc4 25. Rd1 Rad8 26. Qa4 Ra8 27. Qd7 Red8 28. Qe7 Qc2 29. Bg4 c5 30. dxc5 bxc5 31. Bd2 Re8 32. Qc7 Rxa3 33. Bf4 Ra2 34. Rd2 Ra1+ 35. Kg2 Qe4+ 36. Bf3 Qe1 37. Kh3 Ra3 38. Qc6 Rf8 39. Bxd6 Qxd2 40. Bxf8 Rxf3 41. Bxc5 Rxg3+ 42. hxg3 Qd8 43. Kh2 h6 44. Qe4 Qd7 45. Be3 f6 46. Qg6 1/2-1/2

[Event "London Classic Gp-B 5th"]
[Site "London"]
[Date "2013.12.13"]
[Round "5"]
[White "Svidler, Peter"]
[Black "Rowson, Jonathan"]
[Result "1-0"]
[WhiteElo "2758"]
[BlackElo "2569"]
[PlyCount "129"]
[EventDate "2013.12.11"]
[EventType "tourn (rapid)"]
[EventRounds "6"]
[EventCountry "ENG"]
[EventCategory "18"]
[SourceTitle "CBM 158"]
[Source "ChessBase"]
[SourceDate "2014.01.16"]
[SourceVersion "1"]
[SourceVersionDate "2014.01.16"]
[SourceQuality "1"]

1. e4 c5 2. Nf3 d6 3. Bb5+ Bd7 4. c4 Nc6 5. d4 cxd4 6. Nxd4 g6 7. 0-0 Bg7 8. Bxc6 Bxc6 9. Nc3 Nf6 10. Re1 Rc8 11. b3 0-0 12. f3 b6 13. Bg5 h6 14. Be3 Bb7 15. Qd2 Kh7 16. Rad1 Nd7 17. Bf2 Nc5 18. Bh4 Qd7 19. Nd5 Rce8 20. h3 Ne6 21. Nxe6 fxe6 22. Ne3 Qc6 23. Ng4 b5 24. Rc1 h5 25. Nf2 bxc4 26. Rxc4 Qb6 27. Bg5 Ba6 28. Be3 Qb7 29. Rb4 Qa8 30. Ra4 Qb7 31. Bd4 e5 32. Be3 Rc8 33. Qd5 Qxd5 34. exd5 Bb7 35. Rxa7 Bxd5 36. Rxe7 Rc2 37. Rd1 Rf7 38. Rxf7 Bxf7 39. Ne4 Rxa2 40. Ng5+ Kg8 41. Rxd6 Bh6 42. b4 Re2 43. Rd8+ Kg7 44. Rd7 Bxg5 45. Bxg5 e4 46. fxe4 Rxe4 47. Bd2 Kf6 48. b5 Ke6 49. Ra7 Rd4 50. Bg5 Be8 51. Re7+ Kf5 52. Rxe8 Kxg5 53. b6 Rb4 54. Re6 Rb2 55. h4+ Kf5 56. Rc6 Rb4 57. Kf2 Rxh4 58. Rc5+ Ke6 59. Rb5 Rf4+ 60. Kg3 Rf8 61. b7 Rb8 62. Kh4 Kd6 63. g3 Ke6 64. Kg5 Kf7 65. Rb6 1-0

[Event "London Classic Gp-B 5th"]
[Site "London"]
[Date "2013.12.12"]
[Round "4"]
[White "Sadler, Matthew D"]
[Black "Rowson, Jonathan"]
[Result "1-0"]
[WhiteElo "2646"]
[BlackElo "2569"]
[PlyCount "117"]
[EventDate "2013.12.11"]
[EventType "tourn (rapid)"]
[EventRounds "6"]
[EventCountry "ENG"]
[EventCategory "18"]
[SourceTitle "CBM 158"]
[Source "ChessBase"]
[SourceDate "2014.01.16"]
[SourceVersion "1"]
[SourceVersionDate "2014.01.16"]
[SourceQuality "1"]

1. d4 Nf6 2. c4 e6 3. Nc3 Bb4 4. e3 c5 5. Nge2 cxd4 6. exd4 d5 7. c5 Ne4 8. Bd2 Nxd2 9. Qxd2 Ba5 10. a3 Nd7 11. g3 Nf6 12. b4 Bc7 13. Bg2 h5 14. h3 Bd7 15. Qe3 Kf8 16. Nf4 g6 17. Nd3 Kg7 18. 0-0 Ng8 19. Rfe1 Nh6 20. Qd2 Re8 21. Ne5 Re7 22. a4 Be8 23. a5 a6 24. Re2 Rc8 25. Rae1 Bb8 26. Nf3 Bc6 27. Ng5 Qd7 28. h4 Rce8 29. Bh3 Nf5 30. Bg2 Bc7 31. Nh3 Bb8 32. Nf4 Qc7 33. Re5 Qd7 34. Nxh5+ gxh5 35. Qg5+ Kh7 36. Qxh5+ Nh6 37. Rg5 Rh8 38. Re3 Qe8 39. Qe2 Rg8 40. Nxd5 Bxd5 41. Rxd5 f5 42. c6 bxc6 43. Rc5 f4 44. Be4+ Kg7 45. Rg5+ Kf8 46. Rc3 fxg3 47. fxg3 Rxg5 48. hxg5 Nf5 49. Rxc6 Kg7 50. Qh2 Qd8 51. d5 Ba7+ 52. Kf1 Rf7 53. Rxe6 Nd4+ 54. Kg2 Nxe6 55. Qh6+ Kg8 56. dxe6 Rg7 57. e7 Qxe7 58. Bd5+ Kf8 59. Qh8+ 1-0

[Event "London Classic Gp-B 5th"]
[Site "London"]
[Date "2013.12.11"]
[Round "2"]
[White "Kramnik, Vladimir"]
[Black "Rowson, Jonathan"]
[Result "1-0"]
[WhiteElo "2793"]
[BlackElo "2569"]
[PlyCount "93"]
[EventDate "2013.12.11"]
[EventType "tourn (rapid)"]
[EventRounds "6"]
[EventCountry "ENG"]
[EventCategory "18"]
[SourceTitle "CBM 158"]
[Source "ChessBase"]
[SourceDate "2014.01.16"]
[SourceVersion "1"]
[SourceVersionDate "2014.01.16"]
[SourceQuality "1"]

1. Nf3 d5 2. g3 Bg4 3. Bg2 Nd7 4. 0-0 Ngf6 5. d3 c6 6. h3 Bh5 7. Qe1 e5 8. e4 dxe4 9. dxe4 Be7 10. Nbd2 0-0 11. Nc4 Qc7 12. Nh4 Rfe8 13. a4 b6 14. Bd2 a6 15. Kh1 Bf8 16. b3 b5 17. Ne3 Nc5 18. Nef5 bxa4 19. bxa4 Rab8 20. Ba5 Qc8 21. g4 Bg6 22. Bc3 Nfd7 23. Qd2 Nb6 24. f4 Ncxa4 25. Bxe5 Nc4 26. Qd4 Nxe5 27. Qxa4 Nd7 28. e5 Rb6 29. Rad1 Nc5 30. Qc4 Bxf5 31. Nxf5 Qe6 32. Qd4 Reb8 33. Nd6 Bxd6 34. exd6 Nd7 35. Rfe1 Qf6 36. Qe3 Qd8 37. g5 g6 38. Qe7 Nf8 39. c4 Ne6 40. Rxe6 fxe6 41. Qxe6+ Kf8 42. Qe5 Kg8 43. Bxc6 Rxc6 44. Qd5+ Kf8 45. Qxc6 Qc8 46. Qxc8+ Rxc8 47. c5 1-0

[Event "BCF-chT1b 1314 (4NCL)"]
[Site "England"]
[Date "2013.11.17"]
[Round "2.151"]
[White "Rowson, Jonathan"]
[Black "Bisby, Daniel L"]
[Result "1/2-1/2"]
[WhiteElo "2573"]
[BlackElo "2311"]
[PlyCount "97"]
[EventDate "2013.11.16"]
[EventType "team-tourn"]
[EventRounds "7"]
[EventCountry "ENG"]
[SourceTitle "EXT 2015"]
[Source "ChessBase"]
[SourceDate "2014.11.20"]
[SourceVersion "1"]
[SourceVersionDate "2014.11.20"]
[SourceQuality "1"]
[WhiteTeam "Wood Green Hilsmark"]
[BlackTeam "Cambridge"]
[WhiteTeamCountry "ENG"]
[BlackTeamCountry "ENG"]

1. d4 Nf6 2. c4 g6 3. Nc3 Bg7 4. e4 d6 5. Nf3 0-0 6. Be2 e5 7. d5 a5 8. Be3 Ng4 9. Bg5 f6 10. Bh4 Na6 11. Nd2 h5 12. a3 Bd7 13. Rb1 Nc5 14. b3 Qc8 15. h3 Nh6 16. f3 f5 17. Qc2 f4 18. Bd1 Nf7 19. Ke2 g5 20. Bf2 g4 21. hxg4 hxg4 22. Qb2 b6 23. b4 Nb7 24. Bb3 g3 25. Bg1 Bf6 26. c5 axb4 27. axb4 bxc5 28. bxc5 Na5 29. Bc2 Qd8 30. c6 Bc8 31. Bd3 Kg7 32. Nb5 Ba6 33. Ra1 Bxb5 34. Qxb5 Rh8 35. Rxh8 Qxh8 36. Rxa5 Qh1 37. Kf1 Rh8 38. Ra2 Rh2 39. Nc4 Ng5 40. Qb8 Nxf3 41. Qxc7+ Kg6 42. Qa7 Rh7 43. Qb6 Nh2+ 44. Ke1 f3 45. Bf1 f2+ 46. Rxf2 gxf2+ 47. Kxf2 Bh4+ 48. Ke2 Nxf1 49. c7 1/2-1/2

[Event "BCF-chT1b 1314 (4NCL)"]
[Site "England"]
[Date "2013.11.16"]
[Round "1.151"]
[White "Gordon, Stephen J"]
[Black "Rowson, Jonathan"]
[Result "1/2-1/2"]
[WhiteElo "2518"]
[BlackElo "2573"]
[PlyCount "92"]
[EventDate "2013.11.16"]
[EventType "team-tourn"]
[EventRounds "7"]
[EventCountry "ENG"]
[SourceTitle "EXT 2015"]
[Source "ChessBase"]
[SourceDate "2014.11.20"]
[SourceVersion "1"]
[SourceVersionDate "2014.11.20"]
[SourceQuality "1"]
[WhiteTeam "3CS Oldham"]
[BlackTeam "Wood Green Hilsmark"]
[WhiteTeamCountry "ENG"]
[BlackTeamCountry "ENG"]

1. d4 Nf6 2. c4 e6 3. Nc3 Bb4 4. Qc2 c5 5. dxc5 0-0 6. Nf3 Na6 7. g3 Nxc5 8. Bg2 b6 9. 0-0 Bb7 10. Nb5 Be4 11. Qd1 Nb7 12. a3 Be7 13. Bf4 d6 14. Nc3 Bc6 15. b4 Rc8 16. Qb3 a6 17. e4 Nxe4 18. Nd4 Nec5 19. bxc5 Bxg2 20. Kxg2 Nxc5 21. Qb2 Nd3 22. Qe2 Nxf4+ 23. gxf4 b5 24. Qf3 Bf6 25. Nce2 Rxc4 26. Rac1 Rxd4 27. Nxd4 Bxd4 28. Rfd1 e5 29. Rc6 a5 30. Rb1 b4 31. axb4 Qf6 32. f5 axb4 33. Rxb4 h6 34. Rbc4 Kh7 35. Rc8 d5 36. Rxf8 dxc4 37. h4 c3 38. Qe4 g6 39. fxg6+ Qxg6+ 40. Kf3 Kg7 41. Qxg6+ Kxg6 42. Ke2 f5 43. Rc8 Kh5 44. Rc6 Kxh4 45. Rxh6+ Kg5 46. Rc6 Kf4 1/2-1/2